The story of Everest / (Record no. 17865)
[ view plain ]
| 000 -LEADER | |
|---|---|
| fixed length control field | 00850nam a2200241 a 4500 |
| 001 - CONTROL NUMBER | |
| control field | 17865 |
| 003 - CONTROL NUMBER IDENTIFIER | |
| rucl marc code | BD-RjUL |
| 005 - DATE AND TIME OF LATEST TRANSACTION | |
| control field | 20211209000214.0 |
| 008 - FIXED-LENGTH DATA ELEMENTS--GENERAL INFORMATION | |
| fixed length control field | 140219r19541953enkabf b 00110 eng d |
| 035 ## - SYSTEM CONTROL NUMBER | |
| System control number | (BD-RjUL)17923 |
| System control number | (BD-RjUL) |
| 040 ## - CATALOGING SOURCE | |
| Original cataloging agency | BD-RjUL |
| Language of cataloging | eng |
| Transcribing agency | BD-RjUL |
| 041 ## - LANGUAGE CODE | |
| Language code of text/sound track or separate title | eng |
| 082 00 - DEWEY DECIMAL CLASSIFICATION NUMBER | |
| Classification number | 796.522 |
| Edition number | 19 |
| Author mark and year | MUS 1954 |
| 100 1# - MAIN ENTRY--PERSONAL NAME | |
| Personal name | Murray, W. H. |
| Fuller form of name | (William Hutchison), |
| Dates associated with a name | 1913- |
| 9 (RLIN) | 55131 |
| 245 14 - TITLE STATEMENT | |
| Title | The story of Everest / |
| Statement of responsibility, etc. | W.H. Murray ; with fifteen maps and diagrams by Robert Anderson and twenty-four pages of photographs. |
| 260 ## - PUBLICATION, DISTRIBUTION, ETC. (IMPRINT) | |
| Place of publication, distribution, etc. | London [England] : |
| Name of publisher, distributor, etc. | J.M. Dent, |
| Date of publication, distribution, etc. | 1953 [reprinted 1954]. |
| 300 ## - PHYSICAL DESCRIPTION | |
| Pagination | ix, 230 : |
| Illustrations | ill. ; |
| Size | 22 cm. |
| 504 ## - BIBLIOGRAPHY, ETC. NOTE | |
| Bibliography, etc | Bibliography: p. 186. and index. |
| 650 #0 - SUBJECT ADDED ENTRY--TOPICAL TERM | |
| Topical term or geographic name as entry element | Mountaineering |
| Geographic subdivision | Everest, Mount (China and Nepal) |
| 9 (RLIN) | 55132 |
| 651 #0 - SUBJECT ADDED ENTRY--GEOGRAPHIC NAME | |
| Geographic name | Everest, Mount (China and Nepal) |
| 9 (RLIN) | 35381 |
| 942 ## - ADDED ENTRY ELEMENTS (KOHA) | |
| Source of classification or shelving scheme | Dewey Decimal Classification |
| Koha item type | Books |
| Lost status | Source of classification or shelving scheme | Damaged status | Not for loan | Collection code | Permanent Location | Current Location | Shelving location | Date acquired | Source of acquisition | Total Checkouts | Full call number | Date last seen | Copy number | Koha item type | Cost, normal purchase price |
|---|---|---|---|---|---|---|---|---|---|---|---|---|---|---|---|
| Dewey Decimal Classification | Non-fiction | Central Library, University of Rajshahi | Central Library, University of Rajshahi | 06/01/1959 | Colombo Plan, Gift. | 796.522 MUS 1954 | 19/02/2014 | C-2 | Books | ||||||
| Dewey Decimal Classification | Not For Loan | Non-fiction | Central Library, University of Rajshahi | Central Library, University of Rajshahi | Reading Room | 13/02/1956 | 796.522 MUS 1954 | 08/12/2019 | C-1 | Books | 12.30 |